00417nam a22001577a 450000500170000001000150001702000260003203500130005803700130007108200060008410000170009024500560010726000340016327000420019730000200023920140610122345.0 aENG-110150 a9788184301892c200.00 aEN-93682 bDBAD/PUB aS aBali, Sunita aLaughing in the shadow of bullets /cby Sunita Bali aNew DelhibOcean Books c2013 a4/19 Asaf Ali RoadbNew Delhie110002 a136p.c22cm(Hb)